00493 a2200157 4500010001400000020002300014035001300037037001500050082001100065100002700076245009500103260004400198270004700242300002700289500001900316 aENG-86814 a8120332393c225.00 aEN-70347 bDBAD / PUB14a003.761 aHentenryck, Pascal Van1 aOnline stochastic combinatorial optimization /cby Pascal Van Hentenryck [and] Pascal Van aNew DelhibPrentice-Hall of Indiac2007 aM-97, Connaught CircusbNew Delhie110 001 axiii, 232pc24cm (pbk) aIncludes index